[Event "BL 1516 (Women)"]
[Site "Germany"]
[Date "2015.09.27"]
[Round "2.1"]
[White "Nobis, Martina"]
[Black "Foisor, Cristina Adela B"]
[Result "0-1"]
[WhiteElo "1919"]
[BlackElo "2361"]
[PlyCount "68"]
[EventDate "2015.09.26"]
[EventType "team-tourn"]
[EventRounds "11"]
[EventCountry "GER"]
[SourceTitle "EXT 2017"]
[Source "ChessBase"]
[SourceDate "2016.10.25"]
[SourceVersion "1"]
[SourceVersionDate "2016.10.25"]
[SourceQuality "1"]
[WhiteTeam "Niederwiesa (W)"]
[BlackTeam "Deizisau (W)"]
[WhiteTeamCountry "GER"]
[BlackTeamCountry "GER"]

1. e4 e5 2. Nf3 Nc6 3. Bb5 a6 4. Ba4 Nge7 5. c3 g6 6. d3 Bg7 7. Nbd2 0-0 8. 0-0 d6 9. Re1 h6 10. Bc2 f5 11. Nf1 f4 12. d4 g5 13. h3 Ng6 14. N1h2 Bf6 15. dxe5 dxe5 16. Qxd8 Nxd8 17. b3 Nf7 18. Ba3 Re8 19. Rad1 h5 20. Bd3 Kg7 21. Nd2 g4 22. hxg4 hxg4 23. Be2 Nh6 24. Nc4 Bh4 25. Bc1 g3 26. fxg3 Bxg3 27. Rf1 Rh8 28. Rd3 Nf7 29. Ng4 Be6 30. Rxg3 fxg3 31. Nge3 Nf4 32. Nf5+ Bxf5 33. Bxf4 exf4 34. exf5 Rh4 0-1

[Event "BL 1516 (Women)"]
[Site "Germany"]
[Date "2015.09.26"]
[Round "1.1"]
[White "Foisor, Cristina Adela B"]
[Black "Bodnaruk, Anastasia"]
[Result "0-1"]
[WhiteElo "2361"]
[BlackElo "2451"]
[PlyCount "222"]
[EventDate "2015.09.26"]
[EventType "team-tourn"]
[EventRounds "11"]
[EventCountry "GER"]
[SourceTitle "CBM 168 Extra"]
[Source "ChessBase"]
[SourceDate "2015.10.29"]
[SourceVersion "1"]
[SourceVersionDate "2015.10.29"]
[SourceQuality "1"]
[WhiteTeam "Deizisau (W)"]
[BlackTeam "Rodewisch (W)"]
[WhiteTeamCountry "GER"]
[BlackTeamCountry "GER"]

1. Nf3 Nf6 2. g3 b5 3. Bg2 Bb7 4. c4 a6 5. 0-0 e6 6. b3 c5 7. Bb2 Be7 8. d3 0-0 9. Nbd2 d5 10. e3 Qb6 11. Qe2 Nc6 12. Rfd1 Rfd8 13. Ne5 a5 14. Ndf3 Nxe5 15. Nxe5 a4 16. h4 Ne8 17. Qh5 g6 18. Qf3 f6 19. Ng4 h5 20. Nh2 axb3 21. axb3 bxc4 22. bxc4 Qxb2 23. Rab1 dxc4 24. Qxb7 Qxb7 25. Rxb7 Kf7 26. Rbb1 Ra4 27. d4 c3 28. Rbc1 cxd4 29. Rxd4 Raxd4 30. exd4 Bb4 31. Nf3 Nd6 32. Bf1 Nf5 33. Kg2 Nxd4 34. Nxd4 Rxd4 35. Rc2 g5 36. Kh3 Kg6 37. Bb5 Rd8 38. Kg2 Kf5 39. Kf3 Rd4 40. Ke3 Re4+ 41. Kf3 Rd4 42. Ke3 Ke5 43. Be8 gxh4 44. f4+ Kd5 45. gxh4 Re4+ 46. Kd3 Rxf4 47. Rh2 Rf5 48. Bg6 Re5 49. Rf2 Kd6 50. Rxf6 Rd5+ 51. Kc4 Ba5 52. Rf2 Bb6 53. Rh2 Rc5+ 54. Kd3 Bd8 55. Kc2 Bf6 56. Rh1 Ra5 57. Kb3 Rb5+ 58. Kc4 Rc5+ 59. Kb3 c2 60. Rc1 Bxh4 61. Rxc2 Rg5 62. Rd2+ Ke5 63. Be8 Bg3 64. Ra2 Kf6 65. Ra7 h4 66. Rh7 Rc5 67. Rh6+ Ke7 68. Bg6 Be1 69. Kb2 Bc3+ 70. Kb3 Bf6 71. Kb4 Rc1 72. Bd3 Bg5 73. Rh7+ Kf6 74. Be4 Ke5 75. Bd3 Kd4 76. Bg6 Rh1 77. Rh5 Be7+ 78. Kb3 h3 79. Be8 Bd6 80. Bc6 Rc1 81. Rh4+ Kc5 82. Kb2 Rh1 83. Bb7 h2 84. Kc2 Bg3 85. Rh3 Bf4 86. Kd3 Rb1 87. Bf3 Rb3+ 88. Ke2 Kd4 89. Kf2 e5 90. Rh8 Rb2+ 91. Be2 e4 92. Rd8+ Ke5 93. Re8+ Kf6 94. Rh8 Rb3 95. Bc4 Rf3+ 96. Ke2 Re3+ 97. Kf2 Rg3 98. Bd5 Ke5 99. Bc6 Rg1 100. Re8+ Kd6 101. Bxe4 Bg3+ 102. Ke2 Re1+ 103. Kd3 Rxe4 104. Rxe4 h1Q 105. Rd4+ Ke5 106. Rc4 Qd1+ 107. Kc3 Be1+ 108. Kb2 Qd3 109. Rc2 Bb4 110. Ka1 Bc3+ 111. Kb1 Qd1+ 0-1